00580nam a2200193Ia 4500008004100000020001800041082001800059100002700077245002300104250000600127260003900133300001500172500002400187650001600211700003700227942000700264952009800271999001700369230524s9999 xx 000 0 und d a9789380578941 a658.4034bNAI a"N.V.R. Naidu,"942962 0aOperation Research a1 aNew DelhibI.K.Internationalc2013 a"XV,891p;" aQuantity Number: 1 aMathamatics aG.Rajendra &T.Krishna Rao942963 cBK 00104070aTATCLbTATCLcGENd2023-05-24l0o658.4034 NAIp54213r2023-05-24w2023-05-24yBK c57920d57920